书目信息 |
| 题名: |
蒙古族长调民歌/蒙古族呼麦/甘肃花儿/西安鼓乐
|
|
| 作者: | 沈丽颖 , 闻婷 , 沈丽颖 本卷主编 | |
| 分册: | ||
| 出版信息: | 长春 吉林出版集团有限责任公司 2014 |
|
| 页数: | 159页 | |
| 开本: | 26cm | |
| 丛书名: | ||
| 单 册: | ||
| 中图分类: | J632.52 , J616.2 | |
| 科图分类: | ||
| 主题词: | 锣鼓音乐--Luo gu yin le--介绍--西安 , 花儿(音乐)--Hua er ( yin le )--介绍--甘肃 , 蒙古族--Meng gu zu--歌唱法--介绍--中国 , 蒙古族--Meng gu zu--民歌--介绍--中国 | |
| 电子资源: | ||
| ISBN: | 978-7-5534-5053-7 | |
| 000 | 01372nam0 2200325 450 | |
| 001 | 2369087863 | |
| 005 | 20231109120959.96 | |
| 010 | @a978-7-5534-5053-7@dCNY45.00 | |
| 100 | @a20141215d2014 em y0chiy50 ea | |
| 101 | 0 | @achi |
| 102 | @aCN@b220000 | |
| 105 | @aa z 000yy | |
| 200 | 1 | @a蒙古族长调民歌/蒙古族呼麦/甘肃花儿/西安鼓乐@Ameng gu zu zhang diao min ge/meng gu zu hu mai/gan su hua er/xi an gu yue@f沈丽颖著@FShen Li Ying Zhu |
| 210 | @a长春@c吉林出版集团有限责任公司@d2014 | |
| 215 | @a159页@c彩图@d26cm | |
| 300 | @a争奇斗艳的世界非物质文化遗产(彩图版) 4 | |
| 314 | @a本卷主编取自封底 | |
| 314 | @a编著者取自版权页 | |
| 330 | @a本书介绍了蒙古族长调民歌、蒙古族呼麦、甘肃花儿、西安鼓乐四种音乐,内容包括:蒙古族长调——“草原音乐活化石”、每首长调民歌都有一段动人的故事、呼麦——草原上生长出来的声音、呼麦——草原游牧民族的特色、甘肃花儿——“诗与歌的狂欢节”、西安鼓乐——来自唐朝的声影等。 | |
| 606 | 0 | @a锣鼓音乐@ALuo gu yin le@x介绍@y西安 |
| 606 | 0 | @a花儿(音乐)@AHua er ( yin le )@x介绍@y甘肃 |
| 606 | 0 | @a蒙古族@AMeng gu zu@x歌唱法@x介绍@y中国 |
| 606 | 0 | @a蒙古族@AMeng gu zu@x民歌@x介绍@y中国 |
| 690 | @aJ632.52@v5 | |
| 690 | @aJ616.2@v5 | |
| 701 | 0 | @a沈丽颖@Ashen li ying@4本卷主编 |
| 701 | 0 | @a闻婷@Awen ting@4编著 |
| 701 | 0 | @a沈丽颖@AShen Li Ying@4著 |
| 801 | 0 | @aCN@b山东中教@c20230926 |
| 905 | @aBZT@dJ632.52@e4 | |
| 蒙古族长调民歌/蒙古族呼麦/甘肃花儿/西安鼓乐/沈丽颖著.-长春:吉林出版集团有限责任公司,2014 |
| 159页:彩图;26cm |
| 争奇斗艳的世界非物质文化遗产(彩图版) 4 |
| ISBN 978-7-5534-5053-7:CNY45.00 |
| 本书介绍了蒙古族长调民歌、蒙古族呼麦、甘肃花儿、西安鼓乐四种音乐,内容包括:蒙古族长调——“草原音乐活化石”、每首长调民歌都有一段动人的故事、呼麦——草原上生长出来的声音、呼麦——草原游牧民族的特色、甘肃花儿——“诗与歌的狂欢节”、西安鼓乐——来自唐朝的声影等。 |
| ● |
| 相关链接 |
|
|
|
正题名:蒙古族长调民歌/蒙古族呼麦/甘肃花儿/西安鼓乐
索取号:J632.52/4
 
预约/预借
| 序号 | 登录号 | 条形码 | 馆藏地/架位号 | 状态 | 备注 |
| 1 | 2000966991 | 2000966991 | 第四书库/四35架A面3层2列/ [索取号:J632.52/4] | 在馆 | |
| 2 | 2000966992 | 2000966992 | 第四书库/四35架A面3层2列/ [索取号:J632.52/4] | 在馆 | |
| 3 | 2000966993 | 2000966993 | 第四书库/四35架A面3层2列/ [索取号:J632.52/4] | 在馆 | |
| 4 | 2000966994 | 2000966994 | 第四书库/四35架A面3层2列/ [索取号:J632.52/4] | 在馆 | |
| 5 | 2000966995 | 2000966995 | 第四书库/四35架A面3层2列/ [索取号:J632.52/4] | 在馆 | |
| 6 | 2000966996 | 2000966996 | 第四书库/四35架A面3层2列/ [索取号:J632.52/4] | 在馆 |